| 000 | 00651nam a2200205Ia 4500 | ||
|---|---|---|---|
| 003 | GCL | ||
| 008 | 140319s9999 xx 000 0 ara d | ||
| 040 |
_aGCL / _cGCL |
||
| 082 | 0 | 4 |
_a820.9 _bب ا |
| 100 | 1 | _aفؤاد كامل (مترجم) | |
| 245 | 1 | 0 |
_aابسن النرويجى :دراسة / _cفؤاد كامل (مترجم) |
| 700 | 1 | _aبراد بروك، ميوريل | |
| 700 | 1 | _aعبدالحليم البشلاوى | |
| 260 |
_a[S.N] : _bمكتبة مصر |
||
| 300 | _a238 ص | ||
| 490 |
_aمكتبة الفنون الدرامية _v0 |
||
| 650 | 0 | 4 | _aالادب الانجليزى |
| 650 | 0 | 4 | _aتاريخ ونقد |
| 942 |
_2ddc _cBK |
||
| 999 |
_c34354 _d34354 |
||